EPIC: The Musical - Lyrics Sort #1 - The Horse and the Infant - Statistics

General Stats
  • This quiz has been taken 218 times
  • The average score is 39 of 63
Answer Stats
Hint Answer % Correct
Line 1 Alright, my brothers, listen closely
99%
Line 2 Tonight, we make the Trojans pay
97%
Line 3 Ten years of war, they've killed us slowly
96%
Line 4 But now we'll be the ones who slay
95%
Line 6 Your families wonder where you've been
93%
Line 10 Agamemnon will flank the guards
92%
Line 9 Diomedes will lead the charge
92%
Line 5 Think of your wives and your children
92%
Line 8 Do what I say, and you'll see them again (yes, sir!)
91%
Line 14 And little Ajax will stay back
89%
Line 11 Menelaus will let our mates
89%
Line 15 Nestor, secure Helen and protect her
89%
Line 7 They're growing old and yet you're still here
89%
Line 16 Neo, avenge your father, kill the brothers of Hector (yes, sir!)
88%
Line 13 Teucer will shoot any ambush attack
88%
Line 12 Through the gates to take the whole city at large
88%
Line 19 Fight through every pain now (whoo!)
83%
Line 17 Find that inner strength now (whoo!)
81%
Line 20 Ask yourself inside
79%
Line 18 Use that well of pride (whoo!)
79%
Line 22 What do you wish for? What do you fight for? [1]
68%
Line 21 What do you live for? What do you try for? [1]
62%
Line 30 (What do you live for?) Penelope
58%
Line 31 (What do you try for?) Telemachus
57%
Line 28 I fight for us [1]
55%
Line 36 Of what is to come, cannot be outrun
55%
Line 25 Penelope [1]
55%
Line 33 (What do you fight for?) Attack!
55%
Line 34 Who was what?
55%
Line 27 And Telemachus
54%
Line 35 A vision
54%
Line 29 I fight for us [2]
54%
Line 26 Penelope [2]
54%
Line 32 (What do you wish for?) I'm on my way
54%
Line 37 Can only be dealt with right here and now
52%
Line 24 (What do you wish for? What do you fight for?) [2]
49%
Line 23 (What do you live for? What do you try for?) [2]
48%
Line 63 All you choose is whose
47%
Line 49 This is the son of none other than Troy's very own Prince Hector
47%
Line 48 What sort of imminent threat does he pose, that I cannot avoid?
47%
Line 41 A foe who won't run
46%
Line 40 A mission to kill someone's son
46%
Line 55 I could raise him as my own (he will burn your house and throne)
46%
Line 52 If you don't end him now, you'll have no one left to save
46%
Line 44 I know that I'm ready
46%
Line 47 It's just a boy
46%
Line 46 It's just an infant
46%
Line 50 Know that he will grow from a boy to an avenger
46%
Line 51 One fueled with rage as you're consumed by age
46%
Line 54 You can say goodbye to (Penelope) [2]
46%
Line 39 I don't think you're ready [1]
45%
Line 57 Make sure his past is never known (the gods will make him know)
45%
Line 38 Tell me how
45%
Line 56 Or send him far away from home (he'll find you wherever you go)
44%
Line 43 Say no more
44%
Line 62 The blood on your hands is something you won't lose
44%
Line 42 Unlike anyone you have faced before
44%
Line 60 I'm begging please (oh, this is the will of the gods)
43%
Line 53 You can say goodbye to (Penelope) [1]
43%
Line 45 (I don't think you're ready) [2]
42%
Line 58 I'd rather bleed for ya (he's bringing you)
41%
Line 61 Please don't make me do this, don't make me do this
41%
Line 59 Down on my knees for ya
35%
No matching quizzes found
Score Distribution
Percent of People with Each Score
Percentile by Number Answered
Your Score History
You have not taken this quiz